Formuła 1 - składy zespołów 2007 - Statystyki

Ogólne statystyki
  • Ten quiz został rozwiązany 142 razy
  • Średni wynik to 19 z 27
Statystyki odpowiedzi
Zespół Kraj Kierowca % Poprawnych
McLaren Hiszpania Fernando Alonso
99%
Ferrari Finlandia Kimi Raikkonen
99%
McLaren Wielka Brytania Lewis Hamilton
99%
BMW Sauber Polska Robert Kubica (rundy 1-6, 8-17)
98%
Ferrari Brazylia Felipe Massa
97%
BMW Sauber Niemcy Sebastian Vettel (runda 7)
94%
Toro Rosso Niemcy Sebastian Vettel (rundy 11-17)
94%
Red Bull Australia Mark Webber
88%
Honda Wielka Brytania Jenson Button
83%
BMW Sauber Niemcy Nick Heidfeld
83%
Williams Niemcy Nico Rosberg
79%
Renault Finlandia Heikki Kovalainen
76%
Toyota Włochy Jarno Trulli
75%
Red Bull Wielka Brytania David Coulthard
72%
Honda Brazylia Rubens Barrichello
72%
Renault Włochy Giancarlo Fisichella
68%
Toyota Niemcy Ralf Schumacher
62%
Super Aguri Japonia Takuma Sato
60%
Toro Rosso USA Scott Speed (rundy 1-10)
54%
Spyker Niemcy Adrian Sutil
50%
Williams Japonia Kazuki Nakajima (runda 7)
50%
Toro Rosso Włochy Vitantonio Liuzzi
50%
Super Aguri Wielka Brytania Anthony Davidson
41%
Spyker Japonia Sakon Yamamoto (rundy 11-17)
40%
Williams Austria Alexander Wurz (rundy 1-16)
38%
Spyker Niemcy Markus Winkelhock (runda 10)
26%
Spyker Holandia Christijan Albers (rundy 1-9)
23%
Nie znaleziono quizów pasujących do podanych kryteriów
Rozkład punktacji
Procent ludzi z każdym wynikiem
Percentyl według liczby udzielonych odpowiedzi
Twoja historia wyników
Nie rozwiązałeś tego quizu